Successful scales promotion (Record no. 184179)

MARC details
000 -LEADER
fixed length control field 00567nam a2200241Ia 4500
008 - FIXED-LENGTH DATA ELEMENTS--GENERAL INFORMATION
fixed length control field 140306s9999 xx 000 0 und d
020 ## - INTERNATIONAL STANDARD BOOK NUMBER
International Standard Book Number 0 86311 304 4
041 ## - LANGUAGE CODE
Language code of text/sound track or separate title eng
082 ## - DEWEY DECIMAL CLASSIFICATION NUMBER
Classification number 658 .82
Item number PRA/SU
100 ## - MAIN ENTRY--PERSONAL NAME
Personal name elliot, Ricky
245 ## - TITLE STATEMENT
Title Successful scales promotion
260 ## - PUBLICATION, DISTRIBUTION, ETC. (IMPRINT)
Place of publication, distribution, etc. Hyderabad
Name of publisher, distributor, etc. Orient Longman
Date of publication, distribution, etc. 1992
300 ## - PHYSICAL DESCRIPTION
Extent 139
365 ## - TRADE PRICE
Price amount Rs .80
463 ## -
--
650 ## - SUBJECT ADDED ENTRY--TOPICAL TERM
Topical term or geographic name as entry element Business
650 ## - SUBJECT ADDED ENTRY--TOPICAL TERM
Topical term or geographic name as entry element marketing
650 ## - SUBJECT ADDED ENTRY--TOPICAL TERM
Topical term or geographic name as entry element techniques
650 ## - SUBJECT ADDED ENTRY--TOPICAL TERM
Topical term or geographic name as entry element trade promotion
700 ## - ADDED ENTRY--PERSONAL NAME
Personal name Pran Choudhary
700 ## - ADDED ENTRY--PERSONAL NAME
Personal name Toop, alan
942 ## - ADDED ENTRY ELEMENTS (KOHA)
Source of classification or shelving scheme Dewey Decimal Classification
Koha item type Books (General)
Holdings
Withdrawn status Lost status Source of classification or shelving scheme Damaged status Not for loan Home library Current library Date acquired Cost, normal purchase price Total Checkouts Full call number Date last seen Price effective from Koha item type
    Dewey Decimal Classification     College of Co-operation, Banking & Management Library, Vellanikkara College of Co-operation, Banking & Management Library, Vellanikkara 03/04/2004 80.00   658 .82 PRA/SU 22/03/2014 22/03/2014 Books (General)
Kerala Agricultural University Central Library
Thrissur-(Dt.), Kerala Pin:- 680656, India
Ph : (+91)(487) 2372219
E-mail: librarian@kau.in
Website: http://library.kau.in/